000 00357 a2200145 4500
001 153612
040 _cEscola São Tomás de Aquino
100 _aTAVARES, Ulisses
240 1 0 _aSó não venha de calça branca.
_lpor
245 1 0 _aSó não venha de calça branca.
362 0 _a1999
440 1 _aSaraiva
697 _a*LITERATURA JUVENIL
942 _cBK
999 _c153612
_d153612